|
|
|
|
| LEADER |
00704cam a2200241 7i4500 |
| 001 |
0000036767 |
| 005 |
20220428090000.0 |
| 007 |
ta |
| 008 |
220217t2015 may |
| 020 |
|
|
|a 9789674462222
|
| 040 |
|
|
|a MATR
|
| 090 |
0 |
0 |
|a FM 899.2333
|b HAS
|
| 100 |
0 |
|
|a Hasrudi Jawawi
|e author
|
| 245 |
1 |
0 |
|a TOWN MALL
|c Hasrudi Jawawi.
|
| 264 |
|
0 |
|a Shah Alam, Selangor:
|b Grup Buku Karangkraf,
|c 2018.
|
| 300 |
|
|
|a 737 pages;
|c 19 cm.
|
| 336 |
|
|
|a text
|2 rdacontent
|
| 337 |
|
|
|a unmediated
|2 rdamedia
|
| 338 |
|
|
|a volume
|2 rdacarrier
|
| 500 |
|
|
|a Screen adaption
|
| 650 |
0 |
0 |
|a Malay fiction
|
| 650 |
0 |
0 |
|a Malaysian fiction (Malay)
|
| 999 |
|
|
|a B000041675
|b Book
|c Book
|e Business Information Centre
|